US States with Longest and Shortest Shared Borders - Statistics

General Stats
  • This quiz has been taken 2,841 times
    2,832 since last reset
  • The average score is 7 of 20
Answer Stats
miles states km % Correct
608 California - Nevada 979
85%
715 Oklahoma - Texas 1152
83%
569 Idaho - Montana 917
59%
536 New Mexico - Texas 863
59%
391 Arizona - New Mexico 630
46%
385 Oregon - Washington 621
37%
40 Connecticut - Rhode Island 66
34%
0 Arizona - Colorado 0
33%
1 Delaware - New Jersey 2
32%
0 New Mexico - Utah 0
32%
22 Delaware - Pennsylvania 36
29%
409 Kansas - Oklahoma 659
29%
40 Massachusetts - Vermont 66
19%
399 Nebraska - South Dakota 643
18%
34 New Mexico - Oklahoma 56
18%
52 Colorado - Oklahoma 85
14%
381 Virginia - West Virginia 614
12%
34 Missouri - Oklahoma 55
11%
456 Louisiana - Mississippi 735
9%
49 Massachusetts - New York 80
9%
No matching quizzes found
Score Distribution
Percent of People with Each Score
Percentile by Number Answered
Your Score History
You have not taken this quiz since the last reset